Cezanne: His Life and Works in 500 Images (Record no. 13665)

000 -LEADER
fixed length control field 00210 a2200085 4500
020 ## - INTERNATIONAL STANDARD BOOK NUMBER
International Standard Book Number 9780754823131
100 ## - MAIN ENTRY--PERSONAL NAME
Personal name Susie Hodge
245 ## - TITLE STATEMENT
Title Cezanne: His Life and Works in 500 Images
260 ## - PUBLICATION, DISTRIBUTION, ETC.
Name of publisher, distributor, etc. Lorenz Books
Date of publication, distribution, etc. 2011
Holdings
Withdrawn status Lost status Source of classification or shelving scheme Damaged status Not for loan Permanent Location Current Location Date acquired Source of acquisition Cost, normal purchase price Barcode Date last seen Cost, replacement price Price effective from Koha item type
          BMS College of Architecture, Design and Planning BMS College of Architecture, Design and Planning 2025-08-30 10 1586.20 AR-UG4477 2025-08-30 2266.00 2025-08-30 UG Books
Copyright © 2025, The Librarian, Library and Information Centre, BMSCA D&P, Bengaluru. All Rights Reserved
web counter

Powered by Koha